[Event "36th Olympiad w"]
[Site "Calvia ESP"]
[Date "2004.10.20"]
[Round "6"]
[White "Muhren,B"]
[Black "Ramon,V"]
[Result "0-1"]
[WhiteElo "2343"]
[BlackElo "2251"]
[EventDate "2004.10.15"]

1. e4 e5 2. Nf3 Nc6 3. d4 exd4 4. Nxd4 Nf6 5. Nc3 Bb4 6. Nxc6 bxc6 7. Bd3
d5 8. exd5 cxd5 9. O-O O-O 10. Bg5 c6 11. Na4 Qd6 12. Qf3 Bg4 13. Qg3 Qxg3
14. hxg3 Nd7 15. c3 Bd6 16. f3 Be6 17. Kf2 Rfe8 18. Rfe1 Ne5 19. Bc2 f6 20.
Be3 Nd7 21. b4 g6 22. Bd4 a5 23. a3 Kf7 24. Rh1 Kg7 25. Rh4 axb4 26. cxb4
Ra6 27. Rah1 Bg8 28. Rb1 Rea8 29. b5 cxb5 30. Rxb5 Rc8 31. Bb3 Rb8 32. Rxb8
Nxb8 33. Bb2 Nc6 34. Bc2 Ne5 35. Rh1 Rxa4 36. Bxa4 Nd3+ 37. Ke3 Nxb2 38.
Bb5 Bc5+ 39. Kd2 Bxa3 40. Rb1 Nc4+ 41. Kd3 Bd6 42. f4 Na3 43. Rb2 Nxb5 44.
Rxb5 h5 45. Kd4 Bf7 46. Rb6 Ba3 47. Rb7 g5 48. fxg5 fxg5 49. Ke5 Bc1 50.
Rd7 Bb2+ 51. Kf5 Bf6 52. Rb7 g4 53. Ra7 Bd4 54. Rb7 Bf2 55. Rb3 d4 56. Rb2
Bxg3 57. Ke4 Bh4 58. Rb7 Bf2 59. Ke5 Be3 60. Kf5 d3 61. Rd7 d2 62. g3 Bh6
63. Rd6 Bb3 64. Rd7+ Kf8 65. Kg6 Be3 66. Kxh5 d1=Q 0-1

[Event "36th Olympiad w"]
[Site "Calvia ESP"]
[Date "2004.10.20"]
[Round "6"]
[White "Danielian,E"]
[Black "Nguyen Thi Thanh An"]
[Result "1/2-1/2"]
[WhiteElo "2437"]
[BlackElo "2345"]
[EventDate "2004.10.15"]

1. d4 Nf6 2. Nf3 g6 3. c4 Bg7 4. Nc3 O-O 5. Bg5 c5 6. d5 h6 7. Bh4 d6 8. e3
e5 9. dxe6 Bxe6 10. Qd2 Qb6 11. Be2 Nc6 12. O-O Rad8 13. Rad1 a6 14. Qc1
Rd7 15. Rd2 Ne7 16. Rfd1 g5 17. Bg3 Nf5 18. Bd3 Nxg3 19. hxg3 Ng4 20. Qc2
f5 21. Nd5 Qd8 22. Be2 Nf6 23. Nxf6+ Rxf6 24. Ne1 Bf8 25. Bf3 Rg7 26. Bd5
Qe8 27. Bxe6+ Qxe6 28. Qd3 f4 29. Qd5 fxe3 30. fxe3 Rgf7 31. Qxe6 Rxe6 32.
Rd3 Re4 33. b3 b5 34. Rc1 bxc4 35. Rxc4 Rxc4 36. bxc4 Rb7 37. Rb3 Re7 38.
Nf3 Re4 39. Nd2 Re5 1/2-1/2

[Event "36th Olympiad w"]
[Site "Calvia ESP"]
[Date "2004.10.20"]
[Round "6"]
[White "Le Kieu Thien Kim"]
[Black "Mkrtchian,L"]
[Result "0-1"]
[WhiteElo "2329"]
[BlackElo "2374"]
[EventDate "2004.10.15"]

1. d4 d5 2. Nf3 Nf6 3. e3 c5 4. c3 e6 5. Nbd2 Nbd7 6. Ne5 Bd6 7. f4 Ne4 8.
Nxe4 dxe4 9. Bb5 a6 10. Bxd7+ Bxd7 11. Nxd7 Qxd7 12. O-O Qc6 13. Bd2 O-O
14. Qe2 c4 15. g4 f5 16. Kh1 b5 17. Qg2 a5 18. Rg1 Rf7 19. Raf1 b4 20. Qh3
Qa4 21. gxf5 exf5 22. Rg5 g6 23. Rfg1 Rg7 24. Qg2 Rf8 25. Rg3 Be7 26. cxb4
axb4 27. d5 Qxa2 28. Qf1 c3 29. R3g2 cxd2 30. Rxd2 Bd6 31. h4 Qa7 32. Qe1
Bc5 33. Rg3 Qe7 34. Rg5 Ra8 35. Rdg2 Qa7 36. Re2 Qa1 0-1

[Event "36th Olympiad w"]
[Site "Calvia ESP"]
[Date "2004.10.20"]
[Round "6"]
[White "Aginian,N"]
[Black "Hoang Xuan Thanh Khiet"]
[Result "1-0"]
[WhiteElo "2310"]
[BlackElo "2144"]
[EventDate "2004.10.15"]

1. e4 c5 2. Nf3 d6 3. d4 cxd4 4. Nxd4 Nf6 5. Nc3 a6 6. Rg1 b5 7. g4 Bb7 8.
g5 Nxe4 9. Nxe4 Bxe4 10. Qg4 Bb7 11. Bg2 Bxg2 12. Qxg2 Nd7 13. g6 e6 14.
Bg5 Qc8 15. gxf7+ Kxf7 16. O-O-O Nf6 17. Rde1 e5 18. Nf5 Ra7 19. Qf3 Rc7
20. Bxf6 gxf6 21. Kb1 Ke8 22. Nxd6+ Bxd6 23. Qxf6 Kd7 24. Rd1 Qf8 25. Rxd6+
Qxd6 26. Qxh8 Kc6 27. Re1 Re7 28. Qa8+ Kb6 29. Qe4 Rf7 30. f3 Qd4 31. Qa8
Qf4 32. Qb8+ Kc6 33. Rxe5 Qxf3 34. Re6+ Kd7 35. Qd6+ Kc8 36. Re8+ 1-0

[Event "36th Olympiad w"]
[Site "Calvia ESP"]
[Date "2004.10.20"]
[Round "6"]
[White "Djingarova,E"]
[Black "Igla,B"]
[Result "1/2-1/2"]
[WhiteElo "2327"]
[BlackElo "2196"]
[EventDate "2004.10.15"]

1. e4 c5 2. Nf3 d6 3. d4 cxd4 4. Nxd4 Nf6 5. Nc3 g6 6. Be3 Bg7 7. f3 Nc6 8.
Qd2 O-O 9. O-O-O d5 10. exd5 Nxd5 11. Nxc6 bxc6 12. Bd4 e5 13. Bc5 Be6 14.
Ne4 Qc7 15. Bc4 Rfd8 16. Bb3 a5 17. a4 h6 18. g4 f5 19. gxf5 gxf5 20. Rhg1
Kh7 21. Ng3 Qf7 22. Qe1 Bf6 23. h4 Rd7 24. Ne2 Rad8 25. Qxa5 Bxh4 26. f4
Nxf4 27. Nxf4 Bxb3 28. Rxd7 Qxd7 29. cxb3 Bg5 30. Kb1 Bxf4 31. Qc3 Qd3+ 32.
Qxd3 Rxd3 33. a5 Rd8 34. a6 h5 35. a7 h4 36. Rh1 Bg3 37. Be7 Ra8 38. Bxh4
Bxh4 39. Rxh4+ Kg6 40. Ra4 Kf6 41. Kc2 Ke6 42. Ra5 Kd6 43. b4 e4 44. Rxf5
1/2-1/2

[Event "36th Olympiad w"]
[Site "Calvia ESP"]
[Date "2004.10.20"]
[Round "6"]
[White "Rogule,L"]
[Black "Susterman,A"]
[Result "1/2-1/2"]
[WhiteElo "2295"]
[BlackElo "2299"]
[EventDate "2004.10.15"]

1. c4 f5 2. Nc3 Nf6 3. g3 g6 4. Bg2 Bg7 5. d3 d6 6. e4 Nc6 7. Nge2 O-O 8.
O-O e5 9. Nd5 Ne7 10. Nxf6+ Bxf6 11. Bh6 Re8 12. Qd2 c6 13. Rad1 Be6 14. f4
fxe4 15. fxe5 Bxe5 16. d4 Bh8 17. d5 cxd5 18. cxd5 Nxd5 19. Bxe4 Nf6 20.
Bg2 Ng4 21. Nf4 Bf7 22. Nd5 Nxh6 23. Qxh6 Bg7 24. Qd2 Be6 25. b3 Bf5 26.
Kh1 Qd7 27. Nf4 Rab8 28. h3 h5 29. g4 hxg4 30. hxg4 Bxg4 31. Bd5+ Kh7 32.
Qh2+ Bh6 33. Rd4 Qf5 34. Bg2 Kg7 35. Nd5 Qh5 36. Nf6 Qxh2+ 37. Kxh2 Bf5 38.
Nxe8+ Rxe8 39. Rxd6 Re2 40. Kg3 Rxa2 41. Bxb7 Rb2 42. Bd5 Rd2 43. Ra1 Be3
1/2-1/2

[Event "36th Olympiad w"]
[Site "Calvia ESP"]
[Date "2004.10.20"]
[Round "6"]
[White "Smokina,K"]
[Black "Berzina,I"]
[Result "0-1"]
[WhiteElo "2267"]
[BlackElo "2240"]
[EventDate "2004.10.15"]

1. d4 d5 2. c4 e6 3. Nc3 c6 4. e3 Nd7 5. Bd3 f5 6. Nge2 Bd6 7. Bd2 Ne7 8.
Qc2 Nf6 9. f3 Bd7 10. e4 fxe4 11. fxe4 dxc4 12. Bxc4 e5 13. Qb3 Qb6 14.
Bf7+ Kd8 15. Qxb6+ axb6 16. dxe5 Bxe5 17. Be3 Kc7 18. Rc1 Rhf8 19. Bb3 Rae8
20. h3 Nh5 21. g4 Ng3 22. Nxg3 Bxg3+ 23. Kd2 c5 24. Rhf1 Bc6 25. Nd5+ Nxd5
26. exd5 Bd7 27. Bc2 Kd6 28. Bxh7 Rh8 29. Bf5 Bxf5 30. Rxf5 Rxh3 31. b4 Be5
32. bxc5+ bxc5 33. Bxc5+ Kxd5 34. Bf2 g6 35. Rf7 Ke6 0-1

[Event "36th Olympiad w"]
[Site "Calvia ESP"]
[Date "2004.10.20"]
[Round "6"]
[White "Cmilyte,V"]
[Black "Mongontuul,B"]
[Result "1/2-1/2"]
[WhiteElo "2442"]
[BlackElo "2345"]
[EventDate "2004.10.15"]

1. d4 Nf6 2. c4 c5 3. d5 b5 4. cxb5 a6 5. bxa6 g6 6. Nc3 Bxa6 7. g3 d6 8.
Bg2 Bg7 9. Nf3 O-O 10. Rb1 Nbd7 11. O-O Nb6 12. Re1 Bc4 13. e4 Bxa2 14.
Nxa2 Rxa2 15. Qb3 Ra8 16. e5 Nfxd5 17. e6 c4 18. Qb5 fxe6 19. Ng5 Qe8 20.
Qxe8 Rfxe8 21. Nxe6 Bf6 22. Be3 Ra2 23. Nc7 Nxc7 24. Bxb6 Na8 25. Bd5+ Kg7
26. Bxc4 Rxb2 27. Rxb2 Bxb2 28. Ba5 Bf6 29. Be6 Rb8 30. Rc1 Rb5 31. Bd8 Nb6
32. Rc7 Re5 33. Bb3 d5 34. Rc5 Nd7 35. Rxd5 Rxd5 36. Bxd5 e6 1/2-1/2

[Event "36th Olympiad w"]
[Site "Calvia ESP"]
[Date "2004.10.20"]
[Round "6"]
[White "Anhchimeg,B"]
[Black "Ciuksyte,D"]
[Result "0-1"]
[WhiteElo "2235"]
[BlackElo "2361"]
[EventDate "2004.10.15"]

1. e4 c5 2. Nf3 e6 3. d4 cxd4 4. Nxd4 a6 5. Bd3 Bc5 6. Nb3 Be7 7. Nc3 d6 8.
f4 Nf6 9. O-O Nbd7 10. Qf3 Qc7 11. Be3 b5 12. Rae1 b4 13. Nb1 Bb7 14. N1d2
d5 15. Bd4 dxe4 16. Nxe4 O-O 17. Qg3 Nh5 18. Qh3 g6 19. Ng5 Bf6 20. Be3
Bxb2 21. f5 exf5 22. Bxf5 Ndf6 23. Bd3 Rae8 24. Qh4 Rxe3 25. Rxe3 Qb6 26.
Rfe1 Nd5 27. Qf2 Nxe3 28. Rxe3 Qf6 29. Qxf6 Bxf6 30. Ne4 Bg7 31. Nec5 Bd5
32. Re7 a5 33. g3 Bf6 34. Rd7 Rd8 35. Ra7 Re8 36. Rxa5 Re1+ 37. Kf2 Rh1 38.
Nd7 Rxh2+ 39. Ke3 Bg5+ 40. Kd4 Bxb3 41. axb3 Bd2 42. g4 Rh4 43. Be2 Nf4 44.
Bf3 h5 45. gxh5 Nxh5+ 46. Kc5 Rf4 47. Bd5 Nf6 48. Nxf6+ Rxf6 49. Ra8+ Kg7
50. Kc4 Rf4+ 51. Kd3 Bc3 52. Ra7 Rd4+ 0-1

[Event "36th Olympiad w"]
[Site "Calvia ESP"]
[Date "2004.10.20"]
[Round "6"]
[White "Ivoskaite,D"]
[Black "Enhjargal,E"]
[Result "1-0"]
[WhiteElo "2043"]
[BlackElo "2163"]
[EventDate "2004.10.15"]

1. d4 d5 2. c4 e6 3. Nc3 c6 4. Nf3 Nf6 5. Bg5 Be7 6. e3 Nbd7 7. Rc1 O-O 8.
Bd3 dxc4 9. Bxc4 a6 10. Bd3 c5 11. O-O h6 12. Bh4 b5 13. Qe2 Bb7 14. Rfd1
cxd4 15. exd4 Rc8 16. Ne5 Nh7 17. Bg3 Nhf6 18. a3 Re8 19. Bh4 Nh7 20. Bxh7+
Kxh7 21. Nxf7 Qb6 22. Bg3 Rf8 23. Qd3+ Kg8 24. Ne5 Nf6 25. f3 Nd5 26. Nd7
Qd8 27. Nxf8 Qxf8 28. Nxd5 Bxd5 29. Be5 Bg5 30. Rxc8 Qxc8 31. Qg6 Be3+ 32.
Kh1 Qd7 33. Rd3 Bg5 34. Rc3 Bd8 35. Rc8 1-0

[Event "36th Olympiad w"]
[Site "Calvia ESP"]
[Date "2004.10.20"]
[Round "6"]
[White "Ptacnikova,L"]
[Black "Muzychuk,A"]
[Result "1-0"]
[WhiteElo "2257"]
[BlackElo "2383"]
[EventDate "2004.10.15"]

1. c4 f5 2. g3 Nf6 3. Bg2 g6 4. Nc3 Bg7 5. d3 Nc6 6. e4 d6 7. Nge2 O-O 8.
O-O e5 9. Nd5 Be6 10. Bg5 fxe4 11. dxe4 Qd7 12. f3 a5 13. Qd2 Kh8 14. Rac1
a4 15. Rfd1 Qf7 16. Be3 Rfd8 17. b4 axb3 18. axb3 Nb8 19. Ra1 Rxa1 20. Rxa1
Na6 21. Qa5 Ra8 22. Nec3 c6 23. Nb6 Re8 24. Rd1 Qc7 25. b4 Bf8 26. b5 Nc5
27. Qa7 Nb3 28. bxc6 Qxc6 29. Ncd5 Bxd5 30. exd5 Qc7 31. Bh3 Nd4 32. Kg2
Nf5 33. Bf2 Bg7 34. Qa4 e4 35. fxe4 Rxe4 36. Qc2 Qe7 37. Bxf5 gxf5 38. Rd2
Bh6 39. Nc8 Qd8 40. Bd4 Bxd2 41. Qxd2 Kg7 42. Qg5+ Kf7 43. Bxf6 Qxf6 44.
Nxd6+ Qxd6 45. Qxf5+ Kg7 46. Qxe4 Qc5 47. Qe5+ Kf7 48. Qe6+ Kg7 49. d6 Qc6+
50. Kh3 h5 51. Kh4 Qg2 52. Qe7+ Kg8 53. Qg5+ Kf8 54. Qf6+ Kg8 55. Qe6+ Kg7
56. Qe5+ Kf8 57. h3 Qc6 58. Qh8+ Kf7 59. Qxh5+ Kg7 60. Qe5+ Kg6 61. Qe6+
Kg7 62. Qg4+ Kf7 63. Qf5+ Kg7 64. c5 b6 65. Qe5+ Kg6 66. Qe6+ Kg7 67. Qg4+
Kf6 68. Qd4+ Kf7 69. cxb6 Qc2 70. Qd5+ Kf6 71. Qg5+ Kf7 72. b7 Qb1 73. d7
Ke6 74. Qg4+ Kf7 75. d8=Q 1-0

[Event "36th Olympiad w"]
[Site "Calvia ESP"]
[Date "2004.10.20"]
[Round "6"]
[White "Kaps,D"]
[Black "Gretarsdottir,L"]
[Result "1-0"]
[WhiteElo "2236"]
[BlackElo "2057"]
[EventDate "2004.10.15"]

1. e4 c5 2. c3 d5 3. d3 Nc6 4. Bf4 e5 5. Bg3 d4 6. f4 Nf6 7. fxe5 Ng4 8.
Nf3 Ne3 9. Qd2 b5 10. Na3 Qa5 11. Nc2 b4 12. Kf2 bxc3 13. bxc3 Nxc2 14.
Qxc2 dxc3 15. Rc1 Be6 16. Qxc3 Qb6 17. Bf4 Rd8 18. Be3 Nb4 19. Bxc5 Bxc5+
20. Qxc5 Qxc5+ 21. Rxc5 Nxd3+ 22. Bxd3 Rxd3 23. Ra5 Rd7 24. Rc1 O-O 25. Rc6
Rb8 26. Ke3 h6 27. Nd4 Bg4 28. Rd6 Rc7 29. Nc6 Rbb7 30. h3 Be6 31. Nd8 Rc3+
32. Kd2 Rbc7 33. Nxe6 fxe6 34. Rxe6 Rc2+ 35. Ke3 Kf7 36. Rea6 Rxg2 37. e6+
Ke7 38. Rf5 Rcc2 39. Rf7+ Ke8 40. Raxa7 Rxa2 41. Rae7+ Kd8 42. Rd7+ Ke8 43.
Rxg7 Rxg7 44. Rxg7 Ra3+ 45. Kf4 Rxh3 46. Rh7 Rh1 47. Ke5 Rh2 48. e7 Rh4 49.
Kf5 h5 50. Kf6 Rf4+ 51. Ke5 Rf7 52. Rxh5 Kxe7 53. Rh8 Rg7 54. Ra8 Rg2 55.
Rh8 Re2 56. Ra8 Re1 57. Ra7+ Ke8 58. Ra2 Rd1 59. Ke6 Kd8 60. Ra8+ Kc7 61.
e5 Re1 62. Re8 Rc1 63. Ke7 Rh1 64. Rf8 Rh7+ 65. Rf7 Rh6 66. Rg7 Ra6 67. e6
Ra2 68. Kf8+ Kd6 69. e7 Rf2+ 70. Rf7 Rh2 71. Rf6+ Ke5 72. Rg6 Rh8+ 73. Rg8
1-0

[Event "36th Olympiad w"]
[Site "Calvia ESP"]
[Date "2004.10.20"]
[Round "6"]
[White "Ingolfsdottir,H"]
[Black "Krivec,J"]
[Result "0-1"]
[WhiteElo "2053"]
[BlackElo "2214"]
[EventDate "2004.10.15"]

1. e4 e5 2. Nf3 d6 3. d4 exd4 4. Qxd4 a6 5. Bg5 Nc6 6. Qd2 Be7 7. Nc3 Nf6
8. Bc4 O-O 9. O-O-O b5 10. Bb3 Bb7 11. Bxf6 Bxf6 12. Nd5 Ne5 13. Kb1 a5 14.
a3 a4 15. Ba2 Bxd5 16. Bxd5 Nxf3 17. gxf3 Rb8 18. Rhg1 c5 19. Rg4 b4 20.
Rdg1 Kh8 21. e5 dxe5 22. axb4 Rxb4 23. Rxb4 cxb4 24. Qxb4 Qb8 25. Rg4 Qd8
26. Bc4 Be7 27. Qxa4 f5 28. Rg1 Qb6 29. Rg2 Rb8 30. b3 Bc5 31. Bd5 Rd8 32.
Ka2 Bd4 33. Qc6 Qa5+ 34. Qa4 Qxd5 35. c4 Qxf3 0-1

[Event "36th Olympiad w"]
[Site "Calvia ESP"]
[Date "2004.10.20"]
[Round "6"]
[White "Maric,A"]
[Black "Jackova,J"]
[Result "1/2-1/2"]
[WhiteElo "2418"]
[BlackElo "2408"]
[EventDate "2004.10.15"]

1. Nf3 d5 2. d4 Nf6 3. c4 dxc4 4. e3 e6 5. Bxc4 a6 6. Qe2 c5 7. dxc5 Bxc5
8. O-O Nc6 9. Nbd2 O-O 10. Bd3 h6 11. b3 e5 12. Bb2 Bg4 13. Rac1 Bxf3 14.
Nxf3 Qe7 15. Nh4 Rfd8 16. Nf5 Qf8 17. Bb1 Ba3 18. Rxc6 bxc6 19. Bxe5 Be7
20. Qf3 Rd5 21. Bxf6 Bxf6 22. Be4 Ra5 23. Bxc6 Rc8 24. Nxh6+ gxh6 25. Qxf6
Rxa2 26. Bb7 Rd8 27. e4 Rdd2 28. Bd5 Qg7 29. Qf4 Qg6 30. Bc4 Kg7 31. g3 Qf6
32. Qe3 Qd4 33. Qf4 Qf6 34. Qe3 Qd4 1/2-1/2

[Event "36th Olympiad w"]
[Site "Calvia ESP"]
[Date "2004.10.20"]
[Round "6"]
[White "Sikorova,O"]
[Black "Prudnikova,S"]
[Result "1-0"]
[WhiteElo "2252"]
[BlackElo "2402"]
[EventDate "2004.10.15"]

1. e4 e6 2. d4 d5 3. e5 c5 4. c3 Nc6 5. Nf3 Bd7 6. Be2 Nge7 7. O-O Ng6 8.
a3 Be7 9. b4 cxb4 10. cxb4 O-O 11. Bd3 b5 12. Nc3 a5 13. bxa5 b4 14. axb4
Bxb4 15. Ne2 Rxa5 16. Rxa5 Nxa5 17. Ng3 Qb6 18. Ng5 Be8 19. Qg4 Be7 20. h4
Nb3 21. Be3 Bxg5 22. Qxg5 f6 23. exf6 Rxf6 24. Rb1 Qb4 25. Bc2 Ba4 26. Qg4
Qc3 27. Qd1 Nxd4 28. Bxa4 e5 29. Rb8+ Nf8 30. Bxd4 exd4 31. Ne2 1-0

[Event "36th Olympiad w"]
[Site "Calvia ESP"]
[Date "2004.10.20"]
[Round "6"]
[White "Benderac,A"]
[Black "Cedikova,K"]
[Result "1/2-1/2"]
[WhiteElo "2299"]
[BlackElo "2263"]
[EventDate "2004.10.15"]

1. d4 Nf6 2. Nf3 g6 3. e3 Bg7 4. c4 O-O 5. Nc3 c5 6. Be2 b6 7. O-O Bb7 8.
d5 d6 9. e4 e6 10. dxe6 fxe6 11. Qd3 Nc6 12. Rd1 Nd4 13. Bg5 e5 14. Nd5 Qd7
15. Nxd4 exd4 16. f3 Rae8 17. Bd2 Nxd5 18. cxd5 Qe7 19. Bf1 g5 20. Re1 Rc8
21. b3 a6 22. a4 Rc7 23. Rac1 Qf6 24. Qc2 Bc8 25. Bd3 Qh6 26. Rf1 Be5 27.
g3 Rg7 28. Qd1 Bh3 29. Rf2 Bc8 30. Qe2 a5 31. Rcf1 Qh3 32. Rg2 Qh5 33. Rgf2
Kh8 34. Be1 Qh3 35. Ba6 Bd7 36. Bb5 Bc8 37. Ba6 Bd7 38. Bb5 1/2-1/2

[Event "36th Olympiad w"]
[Site "Calvia ESP"]
[Date "2004.10.20"]
[Round "6"]
[White "Medic,Mir"]
[Black "Foisor,C"]
[Result "1/2-1/2"]
[WhiteElo "2237"]
[BlackElo "2436"]
[EventDate "2004.10.15"]

1. d4 g6 2. Nf3 Bg7 3. g3 Nf6 4. Bg2 O-O 5. c4 c6 6. O-O d6 7. Nc3 Bf5 8.
b3 Ne4 9. Bb2 Nxc3 10. Bxc3 Be4 11. e3 Nd7 12. Qe2 Nf6 13. Rfc1 d5 14. Bf1
Bxf3 15. Qxf3 Ne4 16. cxd5 cxd5 17. Be1 f5 18. Qe2 e6 19. f3 Nf6 20. Rc2
Rf7 21. a4 Ne8 22. Rac1 Bf8 23. b4 a6 24. b5 Nd6 25. Bb4 Nc4 26. Bxf8 Kxf8
27. Qe1 axb5 28. axb5 Nb6 29. Ra1 Kg7 30. Rxa8 Qxa8 31. Qb4 Qf8 32. Qc5 Nd7
33. Qa7 Nf6 34. Rc5 g5 35. b6 Qd6 36. Rc8 g4 37. f4 Qb4 38. Rc2 Ne4 39. Kg2
Qb3 40. Re2 Nc3 41. Re1 Nd1 42. Qb8 Nxe3+ 43. Kg1 Nxf1 44. Qe5+ Rf6 45.
Qc7+ Kg6 46. Kxf1 Qd3+ 47. Re2 Rf7 48. Qd8 h6 49. Qg8+ Kf6 50. Qd8+ Kg7 51.
Ke1 Qc3+ 52. Kf1 Qc4 53. Qd6 Rf6 54. Qe7+ Kg6 55. Qxb7 Qxd4 56. Qb8 Qd1+
57. Kf2 Qd4+ 58. Kf1 Qd1+ 59. Kf2 1/2-1/2

[Event "36th Olympiad w"]
[Site "Calvia ESP"]
[Date "2004.10.20"]
[Round "6"]
[White "Peptan,C"]
[Black "Jelica,M"]
[Result "1-0"]
[WhiteElo "2429"]
[BlackElo "2252"]
[EventDate "2004.10.15"]

1. e4 c5 2. Nf3 d6 3. d4 cxd4 4. Nxd4 Nf6 5. Nc3 Bd7 6. Bg5 e6 7. Qd2 a6 8.
O-O-O h6 9. Bxf6 Qxf6 10. f4 Nc6 11. Nf3 O-O-O 12. Kb1 Kb8 13. Be2 Bc8 14.
g4 Qe7 15. Nd4 Qc7 16. Rhf1 Be7 17. Rf3 Bf6 18. Nb3 Rd7 19. Qe1 g5 20. f5
Be5 21. h4 b5 22. Rh3 Re8 23. hxg5 hxg5 24. Rh7 Bxc3 25. Qxc3 exf5 26. gxf5
Rxe4 27. Bf3 Rc4 28. Qd2 Rf4 29. Bg2 d5 30. Nc5 Rd6 31. Rh8 Ne7 32. Nd3
Rxf5 33. Bh3 Rdf6 34. Bxf5 Rxf5 35. a4 Nc6 36. axb5 axb5 37. Nc5 Qd6 38.
Qd3 Rf6 39. Qxb5+ Kc7 40. Na6+ Bxa6 41. Qxa6 Qc5 42. Rc8+ Kd7 43. Qb7+ Kd6
44. Qc7+ 1-0

[Event "36th Olympiad w"]
[Site "Calvia ESP"]
[Date "2004.10.20"]
[Round "6"]
[White "Sargac,R"]
[Black "Olarasu,G"]
[Result "0-1"]
[WhiteElo "2241"]
[BlackElo "2325"]
[EventDate "2004.10.15"]

1. d4 d5 2. c4 e6 3. cxd5 exd5 4. Nc3 c5 5. Nf3 Nc6 6. e3 Nf6 7. Bd3 c4 8.
Bb1 Bb4 9. O-O Bg4 10. Ne2 Bd6 11. Ng3 Bxg3 12. fxg3 O-O 13. h3 Bh5 14. Bf5
Ne4 15. g4 Bg6 16. Nd2 b5 17. Nxe4 dxe4 18. a4 a6 19. axb5 axb5 20. Rxa8
Qxa8 21. Bd2 Qd8 22. Kh1 Qd5 23. Qa1 Ne7 24. Bxg6 hxg6 25. Qa7 Qd6 26. Qa5
Qb8 27. Rf4 f5 28. Bb4 Nc6 29. Qa3 Rf7 30. Bd6 b4 31. Qa2 Qxd6 32. Qxc4 Ne7
33. Rf1 Nd5 34. Re1 Rc7 35. Qb5 fxg4 36. Qe8+ Kh7 37. Qxe4 Nf6 38. Qe5 Qxe5
39. dxe5 Ne4 40. hxg4 Nf2+ 41. Kh2 Nxg4+ 42. Kg3 Nxe5 43. Rh1+ Kg8 44. Kf4
Nd3+ 45. Kf3 Nxb2 46. Rb1 Rc2 47. g4 Kf7 48. Ke4 Ke6 49. g5 Rh2 50. Kd4 Kd6
51. e4 Rd2+ 0-1

[Event "36th Olympiad w"]
[Site "Calvia ESP"]
[Date "2004.10.20"]
[Round "6"]
[White "Mamedjarova,Z"]
[Black "Dembo,Y"]
[Result "1/2-1/2"]
[WhiteElo "2349"]
[BlackElo "2396"]
[EventDate "2004.10.15"]

1. d4 Nf6 2. c4 g6 3. Nf3 Bg7 4. g3 O-O 5. Bg2 d6 6. O-O Nc6 7. Nc3 a6 8.
Re1 Bd7 9. e4 e5 10. d5 Ne7 11. Rb1 a5 12. a3 Ne8 13. b4 axb4 14. axb4 h6
15. c5 f5 16. Nd2 f4 17. Nb3 g5 18. Na5 Qc8 19. c6 bxc6 20. Nxc6 Nxc6 21.
dxc6 Bxc6 22. b5 Bb7 23. Qb3+ Kh8 24. Bd2 Nf6 25. Rbc1 Qe8 26. b6 c6 27.
Ra1 Rxa1 28. Rxa1 Nd7 29. Ra7 Nc5 30. Qd1 Qd8 31. Na4 Nxa4 32. Rxb7 Nc5 33.
Rc7 Ne6 34. Rxc6 Nd4 35. Rc7 Ne6 36. Rc6 Nd4 37. Rc7 Ne6 1/2-1/2

[Event "36th Olympiad w"]
[Site "Calvia ESP"]
[Date "2004.10.20"]
[Round "6"]
[White "Botsari,A"]
[Black "Velikhanli,F"]
[Result "0-1"]
[WhiteElo "2362"]
[BlackElo "2322"]
[EventDate "2004.10.15"]

1. d4 Nf6 2. c4 g6 3. Nc3 Bg7 4. e4 d6 5. f3 O-O 6. Bg5 c5 7. d5 h6 8. Be3
e6 9. Qd2 exd5 10. cxd5 a6 11. a4 Nbd7 12. Nh3 Re8 13. Nf2 Kh7 14. Be2 Ne5
15. O-O Rb8 16. Ra3 Bd7 17. Rb1 b5 18. axb5 Bxb5 19. Nxb5 axb5 20. b4 Nc4
21. Bxc4 bxc4 22. b5 Nd7 23. Ra7 Ra8 24. b6 Rxa7 25. bxa7 Qc7 26. Qa2 Ra8
27. Qxc4 Qxa7 28. f4 Qa3 29. Qe2 Ra4 30. Rd1 Rb4 31. Bc1 Qa4 32. Kh1 c4 33.
h4 c3 34. h5 Nf6 35. hxg6+ fxg6 36. Re1 c2 37. Kh2 Rb1 38. Nd3 Qc4 39. g3
h5 40. Kg2 Ng4 41. Kf1 Bc3 42. Qxc2 Rxc1 43. Qxc1 Qxd3+ 44. Kg2 Bxe1 45.
Qxe1 Qc2+ 46. Kf3 Qa2 47. f5 Ne5+ 48. Ke3 gxf5 49. Qd1 Ng4+ 50. Kf4 Qf2+
51. Kg5 Qe3+ 52. Kh4 Qxe4 53. Qb3 Kg6 0-1

[Event "36th Olympiad w"]
[Site "Calvia ESP"]
[Date "2004.10.20"]
[Round "6"]
[White "Shukurova,M"]
[Black "Makropoulou,M"]
[Result "1/2-1/2"]
[WhiteElo "2281"]
[BlackElo "2270"]
[EventDate "2004.10.15"]

1. d4 d5 2. c4 c6 3. Nf3 Nf6 4. e3 a6 5. Nc3 b5 6. b3 Bg4 7. Be2 e6 8. O-O
Nbd7 9. h3 Bf5 10. Bb2 h6 11. Rc1 Bd6 12. Nb1 Qb8 13. cxb5 cxb5 14. Bd3 Ne4
15. Nc3 O-O 16. Qe2 Bh7 17. Bb1 f5 18. Ne1 Ndf6 19. Nd3 Qb7 20. Ne5 Rac8
21. Bd3 Nd7 22. Nb1 Nxe5 23. dxe5 Be7 24. Nd2 Bg6 25. Bb1 Bb4 26. Nxe4 fxe4
27. a3 Be7 28. Qd2 Bh5 29. Rxc8 Qxc8 30. f3 Bh4 31. fxe4 Rxf1+ 32. Kxf1
Qf8+ 33. Kg1 Bg6 34. Qe2 dxe4 35. Qf1 Qf5 36. b4 Bg3 37. Qxf5 exf5 38. Ba2+
Kf8 39. Be6 f4 40. Bd4 fxe3 41. Bxe3 Bxe5 42. Bc8 Bb2 43. Bxa6 Bxa3 44.
Bc5+ Kf7 45. Bxb5 Ke6 46. Kf2 Kd5 47. Ba6 Bf5 48. Bf8 Bb2 49. Bb7+ Kc4 50.
Ba6+ Kd5 51. Bb7+ Kc4 52. Ba6+ Kd5 1/2-1/2

[Event "36th Olympiad w"]
[Site "Calvia ESP"]
[Date "2004.10.20"]
[Round "6"]
[White "Mira,H"]
[Black "Sergeeva,M"]
[Result "0-1"]
[WhiteElo "2158"]
[BlackElo "2308"]
[EventDate "2004.10.15"]

1. d4 Nf6 2. c4 g6 3. Nc3 Bg7 4. e4 d6 5. Be2 O-O 6. Nf3 e5 7. O-O Nc6 8.
d5 Ne7 9. b4 Nd7 10. Nd2 Bh6 11. Nb3 Bxc1 12. Qxc1 f5 13. exf5 Nxf5 14. c5
Nf6 15. cxd6 cxd6 16. Qd2 Bd7 17. Rac1 Qb6 18. a3 Rae8 19. Rfd1 e4 20. Bf1
e3 21. Qe2 exf2+ 22. Qxf2 Ne3 23. Rd4 Nfg4 24. Qg3 Nxf1 25. Rxf1 Rxf1+ 26.
Kxf1 Ne3+ 27. Kf2 Nf5 28. Qd3 Rf8 29. Ke1 Nxd4 30. Nxd4 Qd8 31. Qg3 Qf6 32.
Nce2 Re8 33. Kd2 Bb5 34. Qf3 Qxf3 35. gxf3 Bxe2 36. Nxe2 Re5 37. Nc3 Rh5
38. Ke3 Kf7 39. Nb5 Rxd5 40. Nxa7 Rh5 41. a4 Rxh2 42. Kd4 Rh4+ 43. Kc3 Rh3
44. a5 Rxf3+ 45. Kc4 Rf4+ 46. Kb5 h5 47. Nc8 Ke6 48. Nb6 h4 49. Nc4 h3 50.
Kb6 Rxc4 51. b5 h2 52. Ka7 h1=Q 53. a6 bxa6 0-1

[Event "36th Olympiad w"]
[Site "Calvia ESP"]
[Date "2004.10.20"]
[Round "6"]
[White "Khasanova,F"]
[Black "Horvath,Maria AUT"]
[Result "1-0"]
[WhiteElo "2314"]
[BlackElo "2094"]
[EventDate "2004.10.15"]

1. e4 e6 2. Nf3 d5 3. Nc3 Nf6 4. e5 Nfd7 5. d4 c5 6. dxc5 Nc6 7. Bf4 a6 8.
Bg3 Bxc5 9. Bd3 Bb6 10. O-O Nc5 11. Be2 Ne4 12. Nxe4 dxe4 13. Qxd8+ Bxd8
14. Nd2 Nd4 15. Bd1 e3 16. fxe3 Nf5 17. Bf2 Bd7 18. e4 Ne7 19. Nc4 O-O 20.
Nd6 b6 21. Bh5 Ng6 22. Bg3 Bc7 23. c4 Bc6 24. Bf3 Rad8 25. Rad1 Rd7 26. Rd2
Rfd8 27. Rfd1 Ba8 28. b4 f6 29. exf6 gxf6 30. Bg4 Re7 31. Nf5 Rxd2 32.
Nxe7+ Kf7 33. Rxd2 Bxg3 34. Nxg6 Be1 35. Rd1 Bxb4 36. Nf4 1-0

[Event "36th Olympiad w"]
[Site "Calvia ESP"]
[Date "2004.10.20"]
[Round "6"]
[White "Sommer,S"]
[Black "Zigangirova,S"]
[Result "0-1"]
[WhiteElo "2043"]
[BlackElo "2330"]
[EventDate "2004.10.15"]

1. e4 c5 2. c3 d6 3. d4 Nf6 4. dxc5 Nc6 5. Nf3 Nxe4 6. cxd6 Nxd6 7. Bf4 g6
8. Na3 Bg7 9. Bxd6 exd6 10. Be2 O-O 11. O-O d5 12. Nc2 Qb6 13. Rb1 Bf5 14.
Bd3 Be4 15. Ng5 Rad8 16. Bxe4 dxe4 17. Qg4 h6 18. Nxe4 f5 19. Qxg6 fxe4 20.
Ne3 Ne5 21. Qxe4 Rd2 22. Nd5 Qe6 23. f4 Qxd5 24. Qxd5+ Rxd5 25. fxe5 Rxe5
26. Rxf8+ Bxf8 27. Kf1 Bc5 28. g4 Re4 29. h3 Re3 30. Kg2 Re2+ 31. Kg3 Bd6+
32. Kh4 Re3 33. Rd1 Be7+ 0-1

[Event "36th Olympiad w"]
[Site "Calvia ESP"]
[Date "2004.10.20"]
[Round "6"]
[White "Paridar,S"]
[Black "Khamrakulova,I"]
[Result "1-0"]
[WhiteElo "2242"]
[BlackElo "2217"]
[EventDate "2004.10.15"]

1. e4 c5 2. c3 d5 3. exd5 Qxd5 4. d4 Nc6 5. Nf3 Bg4 6. Be2 cxd4 7. cxd4 e6
8. Nc3 Qa5 9. d5 exd5 10. Nd4 Bd7 11. Nb3 Qd8 12. Qxd5 Nf6 13. Qg5 Be6 14.
O-O Be7 15. Qxg7 Rg8 16. Qh6 Rg6 17. Qe3 Kf8 18. Nc5 Bf5 19. Rd1 Qc8 20.
Nd3 Ng4 21. Bxg4 Bxg4 22. Nf4 Rg7 23. Re1 Bg5 24. Ncd5 Qd7 25. Bd2 Bxf4 26.
Nxf4 f6 27. Bc3 Kf7 28. Qc5 Rg5 29. Qc4+ Kg7 30. Ne6+ Bxe6 31. Qxe6 Qxe6
32. Rxe6 Rf8 33. Rd1 Rf7 34. f4 Rf5 35. g3 Kg6 36. Kf2 h5 37. Kf3 Rc5 38.
Rdd6 Rf5 39. h3 Ne7 40. g4 hxg4+ 41. hxg4 Rc5 42. Rxf6+ Kg7 43. Rg6+ 1-0